I Am the People: (Record no. 205316)

MARC details
000 -LEADER
fixed length control field 00598nam a22001817a 4500
005 - DATE AND TIME OF LATEST TRANSACTION
control field 20240827160403.0
010 ## - LCCN (DPL NO)
LC control number ENG-141478
020 ## - INTERNATIONAL STANDARD BOOK NUMBER
International Standard Book Number 9788178246420
Terms of availability 395.00
035 ## - SYSTEM CONTROL NUMBER
System control number EN-125010
037 ## - SOURCE OF ACQUISITION
Source of stock number/acquisition DBAD
082 ## - DEWEY DECIMAL CLASSIFICATION NUMBER
Classification number 921
Edition number 1
100 ## - MAIN ENTRY--PERSONAL NAME
Personal name Chatterjee, Partha
245 ## - TITLE STATEMENT
Title I Am the People:
Remainder of title Reflections on Popular Sovereignty Today/
Statement of responsibility, etc By Partha Chatterjee
260 ## - PUBLICATION, DISTRIBUTION, ETC. (IMPRINT)
Place of publication, distribution, etc Ranikhet
Name of publisher, distributor, etc Permanent Black
Date of publication, distribution, etc 2020
270 ## - ADDRESS
Address Himalayana Mall Road,Ranikhet Cantt,
City Ranikhet
Postal code 263645
Electronic mail address perblack@gmail.com
300 ## - PHYSICAL DESCRIPTION
Extent 185p.:
Dimensions 21cm(pb)
Other physical details Index
942 ## - ADDED ENTRY ELEMENTS (KOHA)
Source of classification or shelving scheme Dewey Decimal Classification
Item type English Books
Classification part 921
Call number suffix CHA
Edition 1
Holdings
Withdrawn status Lost status Not for loan Collection code Home library Current library Date acquired Source of acquisition Cost, normal purchase price Full call number Barcode Copy number Cost, replacement price Koha item type
    Not For Loan Non-fiction D.B.Act.Division D.B.Act.Division 27/08/2024 Delivery of Books Act Division 395.00 921 CHA EN-125010 1 395.00 English Books

© Delhi Public Library
Hit Counter
free hit counter